000
00265nam a22001217a 4500
008
171016b xxu||||| |||| 00| 0 eng d
041
_a
eng
080
_a
33
100
_a
52
101
_a
EKO
245
_a
THE ECONOMICS OF CONTRACTS
_c
SALANIE, B
942
_2
udc
_c
BK
999
_c
34145
_d
34145